| 000 | 00777cam a22002653a 4500 | ||
|---|---|---|---|
| 001 | 25838 | ||
| 003 | PGUSA | ||
| 005 | 20140828083545.0 | ||
| 008 | 080619s2008||||xxu|||||s|||||000 1 eng d | ||
| 040 |
_aPGUSA _beng |
||
| 042 | _adc | ||
| 050 | 4 | _aPS | |
| 100 | 1 |
_aCrawford, F. Marion _q(Francis Marion), _d1854-1909 |
|
| 245 | 1 | 0 |
_aFair Margaret : _bA Portrait _h[electronic resource] / _cF. Marion Crawford |
| 260 |
_bProject Gutenberg, _c2008 |
||
| 506 | _aPublic domain in the USA. | ||
| 516 | _aElectronic text | ||
| 653 | _aParis (France) -- Fiction | ||
| 653 | _aOpera -- Fiction | ||
| 653 | _aWomen singers -- Fiction | ||
| 700 | 1 | _aCarpenter, Horace T. | |
| 830 | 0 |
_aProject Gutenberg _v25838 |
|
| 856 | 4 | 0 | _uhttp://www.gutenberg.org/ebooks/25838 |
| 942 | _cEB | ||
| 999 |
_c255093 _d255093 |
||